000 01003cam a2200289 i 4500
001 1290633
003 Ke-BoTe
005 20220510102059.0
008 770208m19771980paua 001 0 eng
010 _a 76041544
020 _a0721696031 (v.1)
040 _aDLC
_cDLC
_dDLC
050 0 0 _aRT41
_b.W84 1977
082 0 0 _a610.73
_219
100 1 _aWood, Lucile A.
_94745
245 1 0 _aNursing skills for allied health services /
_cedited by Lucile A. Wood and Beverly J. Rambo consultant writer, Adrienne Ardigo ... [et al.] ; manuscript edited by Seba Kolb ; ill. revised by Sharon Belkin.
250 _a2d ed.
260 _aPhiladelphia :
_bW. B. Saunders,
_c1977-1980.
300 _a3 v. :
_bill. ;
_c26 cm.
_e& teacher's guide.
500 _aIncludes indexes.
650 0 _aNursing.
_91880
650 0 _aCare of the sick.
_94622
650 0 _aAllied health personnel.
_94746
700 1 _aRambo, Beverly J.
_94747
906 _a7
_bcbc
_corignew
_d1
_eocip
_f19
_gy-gencatlg
942 _2lcc
_cBK
_n0
999 _c2387
_d2387